[Event "eytcc"]
[Site "?"]
[Date "2017.08.18"]
[Round "2.20"]
[White "Ivic, Velimir"]
[Black "Martinovici, Ilie"]
[Result "1/2-1/2"]
[BlackElo "2059"]
[WhiteElo "2383"]
[LiveChessVersion "1.4.4"]

1. e4 {[%clk 1:30:57]} e5 {[%clk 1:30:56]} 2. Nf3 {[%clk 1:31:22]} Nf6
{[%clk 1:31:23]} 3. Nxe5 {[%clk 1:30:39]} d6 {[%clk 1:31:38]} 4. Nf3
{[%clk 1:31:05]} Nxe4 {[%clk 1:32:04]} 5. Nc3 {[%clk 1:31:22]} Nxc3
{[%clk 1:32:27]} 6. dxc3 {[%clk 1:31:41]} Be7 {[%clk 1:32:53]} 7. Bf4
{[%clk 1:30:51]} Nc6 {[%clk 1:31:17]} 8. Qd2 {[%clk 1:29:20]} Be6
{[%clk 1:31:02]} 9. O-O-O {[%clk 1:27:53]} Qd7 {[%clk 1:30:44]} 10. Kb1
{[%clk 1:25:39]} a6 {[%clk 1:29:48]} 11. Ng5 {[%clk 1:07:46]} Bxg5
{[%clk 1:27:44]} 12. Bxg5 {[%clk 1:08:06]} f6 {[%clk 1:28:06]} 13. Be3
{[%clk 1:07:43]} O-O-O {[%clk 1:27:12]} 14. f3 {[%clk 1:02:52]} Rhe8
{[%clk 1:24:45]} 15. Bf2 {[%clk 0:58:41]} Qf7 {[%clk 1:15:24]} 16. b3
{[%clk 0:57:52]} Re7 {[%clk 1:11:04]} 17. h4 {[%clk 0:54:45]} h5 {[%clk 1:10:23]}
18. Qf4 {[%clk 0:52:39]} Ne5 {[%clk 1:03:52]} 19. Kb2 {[%clk 0:44:06]} Qe8
{[%clk 0:59:53]} 20. Rd2 {[%clk 0:23:23]} Bf7 {[%clk 0:51:00]} 21. Rd4
{[%clk 0:10:17]} Qc6 {[%clk 0:46:51]} 22. Rb4 {[%clk 0:08:29]} d5
{[%clk 0:44:37]} 23. Qd4 {[%clk 0:08:18]} a5 {[%clk 0:39:11]} 24. Bb5
{[%clk 0:06:58]} Qd6 {[%clk 0:31:44]} 25. Qa7 {[%clk 0:05:30]} Nc6
{[%clk 0:32:08]} 26. Qa8+ {[%clk 0:04:26]} Kd7 {[%clk 0:31:43]} 27. Qxa5
{[%clk 0:03:52]} Re2 {[%clk 0:28:16]} 28. Qa7 {[%clk 0:03:43]} Kc8
{[%clk 0:26:36]} 29. Qa8+ {[%clk 0:02:49]} Kd7 {[%clk 0:26:54]} 30. Qa7
{[%clk 0:03:18]} Kc8 {[%clk 0:27:10]} 31. Qa8+ {[%clk 0:02:01]} Kd7
{[%clk 0:27:30]} 32. Qxb7 {[%clk 0:01:50]} Rxf2 {[%clk 0:27:34]} 33. Ra4
{[%clk 0:02:19]} Bg6 {[%clk 0:25:29]} 34. Rc1 {[%clk 0:02:01]} Re8
{[%clk 0:18:36]} 35. Ra6 {[%clk 0:01:51]} Ree2 {[%clk 0:19:02]} 36. Qxc6+
{[%clk 0:01:03]} Qxc6 {[%clk 0:19:26]} 37. Bxc6+ {[%clk 0:00:56]} Ke7
{[%clk 0:18:59]} 38. Ka3 {[%clk 0:00:48]} Bxc2 {[%clk 0:17:22]} 39. Bb5
{[%clk 0:00:35]} Re5 {[%clk 0:15:47]} 40. Kb4 {[%clk 0:30:32]} c5+
{[%clk 0:42:14]} 41. Kxc5 {[%clk 0:25:04]} d4+ {[%clk 0:42:39]} 42. Kb4
{[%clk 0:24:19]} d3 {[%clk 0:42:41]} 43. Ra7+ {[%clk 0:24:24]} Ke6
{[%clk 0:39:37]} 44. Ra6+ {[%clk 0:11:30]} Ke7 {[%clk 0:39:31]} 45. Ra7+
{[%clk 0:09:38]} Ke6 {[%clk 0:39:55]} 46. Bc4+ {[%clk 0:07:04]} Kd6
{[%clk 0:39:59]} 47. Ra6+ {[%clk 0:06:14]} Ke7 {[%clk 0:40:09]} 48. Ra7+
{[%clk 0:06:11]} Kd6 {[%clk 0:40:32]} 49. Ra6+ {[%clk 0:03:21]} 1/2-1/2

[Event "eytcc"]
[Site "?"]
[Date "2017.08.18"]
[Round "2.21"]
[White "Gorodetzky, David"]
[Black "Thybo, Jesper Sondergaard"]
[Result "1/2-1/2"]
[BlackElo "2464"]
[WhiteElo "2409"]
[LiveChessVersion "1.4.4"]

1. Nf3 {[%clk 1:30:56]} Nf6 {[%clk 1:29:36]} 2. b3 {[%clk 1:30:34]} d5
{[%clk 1:27:53]} 3. Bb2 {[%clk 1:30:50]} e6 {[%clk 1:26:16]} 4. e3
{[%clk 1:27:56]} Be7 {[%clk 1:23:59]} 5. d4 {[%clk 1:23:13]} O-O {[%clk 1:24:08]}
6. Bd3 {[%clk 1:21:30]} b6 {[%clk 1:20:36]} 7. O-O {[%clk 1:21:12]} Nbd7
{[%clk 1:20:09]} 8. c4 {[%clk 1:20:58]} Bb7 {[%clk 1:20:11]} 9. cxd5
{[%clk 1:08:48]} exd5 {[%clk 1:18:36]} 10. Nc3 {[%clk 1:08:43]} Ne4
{[%clk 1:08:02]} 11. Rc1 {[%clk 1:03:42]} Re8 {[%clk 1:05:21]} 12. Qc2
{[%clk 0:55:40]} Bf8 {[%clk 1:02:07]} 13. Rfd1 {[%clk 0:52:31]} h6
{[%clk 0:48:57]} 14. Ne2 {[%clk 0:41:19]} Rc8 {[%clk 0:41:45]} 15. Ng3
{[%clk 0:28:42]} Nxg3 {[%clk 0:32:31]} 16. hxg3 {[%clk 0:29:03]} Qe7
{[%clk 0:30:05]} 17. Bf5 {[%clk 0:26:54]} g6 {[%clk 0:28:59]} 18. Bh3
{[%clk 0:25:03]} c5 {[%clk 0:23:19]} 19. Bxd7 {[%clk 0:21:01]} Qxd7
{[%clk 0:23:38]} 20. dxc5 {[%clk 0:21:24]} bxc5 {[%clk 0:21:42]} 21. Qc3
{[%clk 0:20:09]} d4 {[%clk 0:22:06]} 22. exd4 {[%clk 0:19:48]} Bg7
{[%clk 0:22:32]} 23. Qd2 {[%clk 0:17:25]} Bxf3 {[%clk 0:17:19]} 24. gxf3
{[%clk 0:17:53]} cxd4 {[%clk 0:17:41]} 25. Rxc8 {[%clk 0:17:01]} Qxc8
{[%clk 0:18:09]} 26. Kg2 {[%clk 0:16:12]} g5 {[%clk 0:11:15]} 27. Qd3
{[%clk 0:14:49]} Qd7 {[%clk 0:06:50]} 28. Rc1 {[%clk 0:09:47]} Rc8
{[%clk 0:05:40]} 29. Re1 {[%clk 0:06:37]} Re8 {[%clk 0:02:57]} 30. Rc1
{[%clk 0:04:59]} Rc8 {[%clk 0:02:07]} 31. Re1 Rd8 32. Rc1 Qd5 33. Qe4 Qd7 34. Qd3
a5 35. Rc5 a4 36. Bc1 axb3 37. axb3 Rb8 38. Bd2 Qb7 39. b4 g4 40. Qf5 gxf3+ 41.
Qxf3 Qd7 42. Qf5 Qb7+ 43. Qf3 Qd7 44. Qf5 1/2-1/2

[Event "eytcc"]
[Site "?"]
[Date "2017.08.18"]
[Round "2.22"]
[White "Percivaldi, Martin"]
[Black "Parkhov, Yair"]
[Result "1/2-1/2"]
[BlackElo "2382"]
[WhiteElo "2407"]
[LiveChessVersion "1.4.4"]

1. Nf3 {[%clk 1:30:57]} c5 {[%clk 1:30:55]} 2. c4 {[%clk 1:31:17]} Nc6
{[%clk 1:31:20]} 3. d4 {[%clk 1:30:39]} cxd4 {[%clk 1:31:44]} 4. Nxd4
{[%clk 1:31:02]} Nf6 {[%clk 1:32:08]} 5. Nc3 {[%clk 1:31:24]} e6 {[%clk 1:32:31]}
6. a3 {[%clk 1:31:48]} Qb6 {[%clk 1:30:36]} 7. Nb3 {[%clk 1:30:58]} Ne5
{[%clk 1:24:17]} 8. e3 {[%clk 1:28:39]} a6 {[%clk 1:18:05]} 9. Nd4
{[%clk 1:16:12]} Qc7 {[%clk 1:03:06]} 10. Qb3 {[%clk 1:16:10]} Bc5
{[%clk 1:00:16]} 11. Be2 {[%clk 1:16:14]} O-O {[%clk 1:00:04]} 12. O-O
{[%clk 1:14:27]} b6 {[%clk 0:56:22]} 13. f4 {[%clk 0:59:14]} Ng6 {[%clk 0:53:40]}
14. Qc2 {[%clk 0:53:37]} e5 {[%clk 0:42:30]} 15. fxe5 {[%clk 0:53:16]} Qxe5
{[%clk 0:42:31]} 16. Bf3 {[%clk 0:53:28]} Rb8 {[%clk 0:40:49]} 17. Qd3
{[%clk 0:44:32]} Bb7 {[%clk 0:31:08]} 18. Bxb7 {[%clk 0:41:13]} Rxb7
{[%clk 0:31:17]} 19. Nf3 {[%clk 0:41:21]} Qe7 {[%clk 0:25:43]} 20. b4
{[%clk 0:40:26]} Bd6 {[%clk 0:23:33]} 21. Nd5 {[%clk 0:29:53]} Nxd5
{[%clk 0:22:57]} 22. Qxd5 {[%clk 0:30:11]} Rc7 {[%clk 0:22:06]} 23. Bb2
{[%clk 0:25:12]} Qxe3+ {[%clk 0:15:11]} 24. Kh1 {[%clk 0:25:37]} Qe6
{[%clk 0:14:46]} 25. Qd4 {[%clk 0:25:29]} f6 {[%clk 0:15:08]} 26. Qxb6
{[%clk 0:25:12]} Rc6 {[%clk 0:11:50]} 27. Qa7 {[%clk 0:23:49]} Bb8
{[%clk 0:11:45]} 28. Qb7 {[%clk 0:22:33]} Rc7 {[%clk 0:07:36]} 29. Qd5
{[%clk 0:21:36]} Rxc4 {[%clk 0:07:48]} 30. Qd2 {[%clk 0:21:03]} Re4
{[%clk 0:05:29]} 31. Rae1 {[%clk 0:20:39]} d5 {[%clk 0:04:52]} 32. Nd4
{[%clk 0:20:11]} Qf7 {[%clk 0:04:42]} 33. Nf5 {[%clk 0:16:50]} Rfe8
{[%clk 0:04:15]} 34. Bc3 {[%clk 0:10:59]} Bf4 {[%clk 0:02:42]} 35. Qd3
{[%clk 0:05:56]} Rxe1 {[%clk 0:03:06]} 36. Rxe1 {[%clk 0:05:45]} Rxe1+
{[%clk 0:03:27]} 37. Bxe1 {[%clk 0:06:14]} Qe6 {[%clk 0:03:41]} 38. Bf2
{[%clk 0:06:08]} Qe4 {[%clk 0:03:23]} 39. Qxe4 {[%clk 0:05:50]} dxe4
{[%clk 0:03:45]} 40. g3 {[%clk 0:35:07]} Bd2 {[%clk 0:33:27]} 41. Bd4
{[%clk 0:34:06]} Nf8 {[%clk 0:25:05]} 42. Kg2 {[%clk 0:29:10]} Ne6
{[%clk 0:24:27]} 43. Bb6 {[%clk 0:29:27]} g6 {[%clk 0:19:47]} 44. Ne7+
{[%clk 0:29:27]} Kf7 {[%clk 0:20:10]} 45. Nd5 {[%clk 0:25:25]} f5
{[%clk 0:19:07]} 46. a4 {[%clk 0:25:48]} f4 {[%clk 0:14:34]} 47. gxf4
{[%clk 0:23:18]} Nxf4+ {[%clk 0:14:09]} 1/2-1/2

[Event "eytcc"]
[Site "?"]
[Date "2017.08.18"]
[Round "2.23"]
[White "Zlatin, Alexander"]
[Black "Bjerre, Jonas"]
[Result "1/2-1/2"]
[BlackElo "2357"]
[WhiteElo "2149"]
[LiveChessVersion "1.4.4"]

1. e4 c5 2. c3 Nf6 3. e5 Nd5 4. Nf3 e6 5. d4 cxd4 6. cxd4 d6 7. Bc4 Nc6 8. O-O
Be7 9. Bd2 O-O 10. Nc3 Nb6 11. Bb3 dxe5 12. dxe5 Nd7 13. Bf4 Nc5 14. Bc2 Nb4 15.
Bb1 Qb6 16. Ng5 h6 17. Nge4 Nxe4 18. Nxe4 Nd5 19. Qc2 Rd8 20. Ng3 g6 21. Bxh6 Qd4
22. Qe2 Bd7 23. Rd1 Qh4 24. Be3 Nxe3 25. Qxe3 Bg5 26. Qe1 Bf4 27. Be4 Qh8 28. Rd3
Bb5 29. Rxd8+ Rxd8 30. Qa5 Qh4 31. Bxb7 Bc4 32. Bf3 a6 33. Rd1 Rxd1+ 34. Bxd1 Qg5
35. b3 1/2-1/2

[Event "eytcc"]
[Site "?"]
[Date "2017.08.18"]
[Round "2.24"]
[White "Jacobsen, Mikkel Manosri"]
[Black "Gorodetzky, Matan"]
[Result "0-1"]
[BlackElo "1980"]
[WhiteElo "2219"]
[LiveChessVersion "1.4.4"]

1. Nf3 {[%clk 1:30:56]} d5 {[%clk 1:30:53]} 2. b3 {[%clk 1:31:20]} Nf6
{[%clk 1:29:18]} 3. Bb2 {[%clk 1:31:42]} e6 {[%clk 1:29:00]} 4. e3
{[%clk 1:31:58]} c5 {[%clk 1:27:44]} 5. c4 {[%clk 1:32:20]} Nc6 {[%clk 1:26:24]}
6. cxd5 {[%clk 1:28:21]} exd5 {[%clk 1:25:39]} 7. d3 {[%clk 1:17:30]} Bd6
{[%clk 1:17:03]} 8. Nbd2 {[%clk 1:17:36]} O-O {[%clk 1:16:12]} 9. Be2
{[%clk 1:18:02]} Re8 {[%clk 1:13:52]} 10. O-O {[%clk 1:17:46]} h6
{[%clk 1:13:09]} 11. a3 {[%clk 1:11:43]} Bf5 {[%clk 1:12:24]} 12. d4
{[%clk 1:10:13]} cxd4 {[%clk 0:59:23]} 13. Nxd4 {[%clk 1:10:35]} Nxd4
{[%clk 0:59:01]} 14. Bxd4 {[%clk 1:10:57]} Qe7 {[%clk 0:58:52]} 15. Bb5
{[%clk 1:08:15]} Rec8 {[%clk 0:56:30]} 16. Qf3 {[%clk 1:06:16]} Bg4
{[%clk 0:54:13]} 17. Bxf6 {[%clk 1:06:28]} Qe6 {[%clk 0:54:39]} 18. Qxg4
{[%clk 1:04:47]} Qxg4 {[%clk 0:55:00]} 19. Bd4 {[%clk 1:05:00]} Qf5
{[%clk 0:51:56]} 20. Rfe1 {[%clk 1:01:38]} Qc2 {[%clk 0:45:21]} 21. Re2
{[%clk 1:01:39]} a6 {[%clk 0:43:52]} 22. Bd7 {[%clk 1:00:59]} Qd3
{[%clk 0:43:29]} 23. Bg4 {[%clk 0:55:11]} Rc2 {[%clk 0:43:35]} 24. Rd1
{[%clk 0:54:03]} Bxa3 {[%clk 0:43:25]} 25. f4 {[%clk 0:53:58]} Bb4
{[%clk 0:43:20]} 26. Rf2 {[%clk 0:54:03]} Rxd2 {[%clk 0:43:31]} 0-1

[Event "eytcc"]
[Site "?"]
[Date "2017.08.18"]
[Round "2.25"]
[White "Janik, Igor"]
[Black "Winiarski, Mikolaj"]
[Result "0-1"]
[BlackElo "2269"]
[WhiteElo "2420"]
[LiveChessVersion "1.4.4"]

1. e4 {[%clk 1:30:56]} e5 {[%clk 1:29:53]} 2. Nf3 {[%clk 1:31:18]} Nc6
{[%clk 1:30:01]} 3. Bc4 {[%clk 1:31:41]} Bc5 {[%clk 1:30:14]} 4. d3
{[%clk 1:31:32]} Nf6 {[%clk 1:30:04]} 5. c3 {[%clk 1:31:17]} O-O {[%clk 1:29:07]}
6. b4 {[%clk 1:31:08]} Bb6 {[%clk 1:29:22]} 7. O-O {[%clk 1:30:46]} d6
{[%clk 1:28:29]} 8. h3 {[%clk 1:30:25]} Ne7 {[%clk 1:16:18]} 9. Nbd2
{[%clk 1:29:52]} Ng6 {[%clk 1:15:49]} 10. Re1 {[%clk 1:29:56]} h6
{[%clk 1:11:23]} 11. Bb3 {[%clk 1:29:45]} c6 {[%clk 1:06:27]} 12. d4
{[%clk 1:22:53]} Qe7 {[%clk 0:44:59]} 13. a4 {[%clk 1:15:33]} Rd8
{[%clk 0:31:14]} 14. a5 {[%clk 1:08:29]} Bc7 {[%clk 0:31:39]} 15. d5
{[%clk 1:03:37]} Nh7 {[%clk 0:13:54]} 16. Nf1 {[%clk 0:56:07]} Ng5
{[%clk 0:04:50]} 17. Ng3 {[%clk 0:54:28]} Nf4 {[%clk 0:04:51]} 18. Bxf4
{[%clk 0:53:43]} exf4 {[%clk 0:05:15]} 19. Nh5 {[%clk 0:54:09]} Re8
{[%clk 0:00:50]} 20. Nxf4 {[%clk 0:34:06]} Qf6 {[%clk 0:01:10]} 21. Nh5
{[%clk 0:34:28]} Qxc3 {[%clk 0:00:38]} 22. Nxg5 {[%clk 0:33:51]} hxg5
{[%clk 0:01:04]} 23. Re3 {[%clk 0:30:15]} Qxb4 {[%clk 0:00:45]} 24. Ra4
{[%clk 0:25:50]} Qb5 {[%clk 0:00:39]} 25. Qa1 {[%clk 0:23:02]} Re5
{[%clk 0:01:05]} 26. Bc4 {[%clk 0:23:24]} Qc5 {[%clk 0:01:20]} 27. Rc3
{[%clk 0:23:52]} Rxe4 {[%clk 0:00:31]} 28. dxc6 {[%clk 0:23:58]} d5
{[%clk 0:00:38]} 29. Bxd5 {[%clk 0:21:42]} Rxa4 {[%clk 0:01:01]} 30. Bxf7+
{[%clk 0:22:03]} Kh8 {[%clk 0:00:46]} 31. Qe1 {[%clk 0:22:13]} Qe5
{[%clk 0:00:35]} 32. Re3 {[%clk 0:22:14]} Ra1 {[%clk 0:00:52]} 0-1

[Event "eytcc"]
[Site "?"]
[Date "2017.08.18"]
[Round "2.26"]
[White "Chylewski, Patryk"]
[Black "Nowak, Kamil"]
[Result "1/2-1/2"]
[BlackElo "2318"]
[WhiteElo "2241"]
[LiveChessVersion "1.4.4"]

1. e4 {[%clk 1:30:53]} e5 {[%clk 1:30:52]} 2. Nf3 {[%clk 1:31:19]} Nc6
{[%clk 1:31:15]} 3. Bb5 {[%clk 1:31:42]} a6 {[%clk 1:31:37]} 4. Ba4
{[%clk 1:32:08]} Nf6 {[%clk 1:31:48]} 5. O-O {[%clk 1:32:17]} Nxe4
{[%clk 1:31:28]} 6. d4 {[%clk 1:30:36]} exd4 {[%clk 1:31:35]} 7. Re1
{[%clk 1:25:03]} d5 {[%clk 1:31:32]} 8. Nxd4 {[%clk 1:19:07]} Bd6
{[%clk 1:31:31]} 9. Nxc6 {[%clk 0:39:19]} Bxh2+ {[%clk 1:31:26]} 10. Kxh2
{[%clk 0:39:19]} Qh4+ {[%clk 1:31:49]} 11. Kg1 {[%clk 0:39:44]} Qxf2+
{[%clk 1:32:06]} 12. Kh2 {[%clk 0:35:58]} Qh4+ {[%clk 1:31:52]} 13. Kg1
{[%clk 0:36:23]} Qf2+ {[%clk 1:32:13]} 14. Kh2 {[%clk 0:36:49]} Qh4+
{[%clk 1:32:36]} 15. Kg1 {[%clk 0:37:15]} Qf2+ {[%clk 1:32:58]} 16. Kh2
{[%clk 0:37:40]} 1/2-1/2

[Event "eytcc"]
[Site "?"]
[Date "2017.08.18"]
[Round "2.27"]
[White "Gumularz, Szymon"]
[Black "Kokoszczynski, Jan"]
[Result "1-0"]
[BlackElo "2126"]
[WhiteElo "2342"]
[LiveChessVersion "1.4.4"]

1. e4 {[%clk 1:30:57]} e5 {[%clk 1:30:48]} 2. Nf3 {[%clk 1:31:19]} Nc6
{[%clk 1:31:11]} 3. Bc4 {[%clk 1:31:45]} Bc5 {[%clk 1:31:33]} 4. c3
{[%clk 1:32:09]} Nf6 {[%clk 1:31:23]} 5. d3 {[%clk 1:32:34]} d6 {[%clk 1:31:33]}
6. Bb3 {[%clk 1:32:24]} O-O {[%clk 1:30:07]} 7. O-O {[%clk 1:32:21]} a6
{[%clk 1:27:40]} 8. Nbd2 {[%clk 1:32:20]} Ba7 {[%clk 1:27:35]} 9. h3
{[%clk 1:32:33]} Ne7 {[%clk 1:25:58]} 10. Re1 {[%clk 1:32:21]} Ng6
{[%clk 1:26:24]} 11. Nf1 {[%clk 1:31:44]} h6 {[%clk 1:23:32]} 12. Ng3
{[%clk 1:32:05]} Re8 {[%clk 1:19:58]} 13. d4 {[%clk 1:32:19]} b5 {[%clk 1:11:03]}
14. Bc2 {[%clk 1:11:39]} Bb7 {[%clk 1:06:28]} 15. a4 {[%clk 1:07:56]} Bb6
{[%clk 0:54:58]} 16. d5 {[%clk 0:39:35]} c6 {[%clk 0:52:36]} 17. dxc6
{[%clk 0:39:16]} Bxc6 {[%clk 0:52:17]} 18. axb5 {[%clk 0:37:33]} axb5
{[%clk 0:49:59]} 19. Rxa8 {[%clk 0:35:49]} Bxa8 {[%clk 0:50:24]} 20. Qe2
{[%clk 0:34:08]} Bc6 {[%clk 0:50:32]} 21. Be3 {[%clk 0:32:43]} Bxe3
{[%clk 0:33:28]} 22. Qxe3 {[%clk 0:32:57]} Qa8 {[%clk 0:33:41]} 23. Nf5
{[%clk 0:23:36]} d5 {[%clk 0:32:13]} 24. exd5 {[%clk 0:20:39]} Nxd5
{[%clk 0:30:22]} 25. Nxh6+ {[%clk 0:13:47]} gxh6 {[%clk 0:29:26]} 26. Qxh6
{[%clk 0:14:12]} Ndf4 {[%clk 0:29:54]} 27. Ng5 {[%clk 0:09:02]} Qb7
{[%clk 0:27:08]} 28. g3 {[%clk 0:02:44]} Bh1 {[%clk 0:19:21]} 29. Ne4
{[%clk 0:02:48]} Bxe4 {[%clk 0:18:51]} 30. Bxe4 {[%clk 0:02:57]} Qb6
{[%clk 0:18:43]} 31. gxf4 {[%clk 0:02:23]} exf4 {[%clk 0:19:05]} 32. Ra1
{[%clk 0:02:09]} Qf6 {[%clk 0:17:15]} 33. Bf3 {[%clk 0:01:01]} b4
{[%clk 0:15:11]} 34. Rc1 {[%clk 0:00:55]} bxc3 {[%clk 0:14:38]} 35. bxc3
{[%clk 0:01:08]} Qd8 {[%clk 0:11:49]} 36. Rd1 {[%clk 0:01:17]} Qc7
{[%clk 0:11:17]} 37. Bd5 {[%clk 0:01:21]} Qb6 {[%clk 0:10:58]} 38. Kh1
{[%clk 0:01:15]} Re5 {[%clk 0:05:01]} 39. c4 {[%clk 0:01:12]} Rf5
{[%clk 0:02:06]} 40. Ra1 {[%clk 0:31:03]} Rxd5 {[%clk 0:31:55]} 41. cxd5
{[%clk 0:31:22]} 1-0

[Event "eytcc"]
[Site "?"]
[Date "2017.08.18"]
[Round "2.28"]
[White "Sanz Wawer, Daniel"]
[Black "Kosakowski, Jakub"]
[Result "1/2-1/2"]
[BlackElo "2363"]
[WhiteElo "1972"]
[LiveChessVersion "1.4.4"]

1. d4 {[%clk 1:30:53]} Nf6 {[%clk 1:30:41]} 2. c4 {[%clk 1:31:15]} g6
{[%clk 1:30:56]} 3. f3 {[%clk 1:31:36]} e5 {[%clk 1:30:30]} 4. Bg5
{[%clk 1:29:06]} Be7 {[%clk 1:19:01]} 5. Nc3 {[%clk 1:22:51]} O-O
{[%clk 1:11:27]} 6. e3 {[%clk 1:14:36]} d6 {[%clk 1:03:09]} 7. Qd2
{[%clk 1:09:48]} c6 {[%clk 0:56:33]} 8. Bd3 {[%clk 1:01:53]} Nbd7
{[%clk 0:55:40]} 9. Nge2 {[%clk 1:01:02]} a6 {[%clk 0:55:51]} 10. O-O
{[%clk 0:46:23]} b5 {[%clk 0:54:34]} 11. b3 {[%clk 0:44:55]} Re8 {[%clk 0:50:58]}
12. f4 {[%clk 0:41:50]} exd4 {[%clk 0:46:57]} 13. exd4 {[%clk 0:35:37]} b4
{[%clk 0:44:18]} 14. Nd1 {[%clk 0:34:17]} c5 {[%clk 0:42:32]} 15. d5
{[%clk 0:30:15]} Ng4 {[%clk 0:31:59]} 16. Bxe7 {[%clk 0:29:45]} Qxe7
{[%clk 0:32:16]} 17. h3 {[%clk 0:28:45]} Ne3 {[%clk 0:32:03]} 18. Nxe3
{[%clk 0:26:47]} Qxe3+ {[%clk 0:32:23]} 19. Qxe3 {[%clk 0:27:11]} Rxe3
{[%clk 0:32:36]} 20. Rad1 {[%clk 0:26:30]} Nf6 {[%clk 0:27:52]} 21. Kf2
{[%clk 0:25:06]} Re8 {[%clk 0:27:41]} 22. Ng3 {[%clk 0:20:04]} Bd7
{[%clk 0:27:25]} 23. Rfe1 {[%clk 0:20:06]} a5 {[%clk 0:25:45]} 24. Rxe8+
{[%clk 0:17:44]} Bxe8 {[%clk 0:25:56]} 25. Ne4 {[%clk 0:11:15]} Nxe4+
{[%clk 0:26:09]} 26. Bxe4 {[%clk 0:11:40]} a4 {[%clk 0:26:22]} 27. Rd2
{[%clk 0:08:03]} Bd7 {[%clk 0:25:17]} 28. g4 {[%clk 0:06:09]} Kg7
{[%clk 0:25:26]} 29. Bf3 {[%clk 0:05:41]} h6 {[%clk 0:21:23]} 30. Bd1
{[%clk 0:04:41]} Kf6 {[%clk 0:20:08]} 31. Kf3 {[%clk 0:04:01]} h5
{[%clk 0:19:00]} 32. Kg3 {[%clk 0:03:55]} hxg4 {[%clk 0:17:56]} 33. hxg4
{[%clk 0:04:23]} axb3 {[%clk 0:15:44]} 34. axb3 {[%clk 0:04:19]} Ra1
{[%clk 0:15:58]} 35. Kf3 {[%clk 0:03:32]} Rc1 {[%clk 0:16:12]} 36. Ke3
{[%clk 0:03:01]} Bc8 {[%clk 0:10:40]} 37. Rd3 {[%clk 0:01:53]} g5
{[%clk 0:10:00]} 38. f5 {[%clk 0:01:24]} Ra1 {[%clk 0:09:27]} 39. Kd2
{[%clk 0:00:50]} Ra2+ {[%clk 0:06:54]} 40. Bc2 {[%clk 0:30:48]} Bd7
{[%clk 0:33:47]} 41. Re3 {[%clk 0:26:12]} Ra1 {[%clk 0:32:57]} 42. Bd1
{[%clk 0:25:45]} Ra8 {[%clk 0:33:24]} 43. Rh3 {[%clk 0:20:59]} Re8
{[%clk 0:24:33]} 44. Bc2 {[%clk 0:18:24]} Ke5 {[%clk 0:20:23]} 45. Rh7
{[%clk 0:16:24]} Re7 {[%clk 0:15:52]} 46. Ke3 {[%clk 0:15:47]} 1/2-1/2

[Event "eytcc"]
[Site "?"]
[Date "2017.08.18"]
[Round "2.29"]
[White "Haring, Viktor"]
[Black "Murphy, Conor E"]
[Result "1-0"]
[BlackElo "2164"]
[WhiteElo "2317"]
[LiveChessVersion "1.4.4"]

1. e4 {[%clk 1:30:56]} c5 {[%clk 1:30:25]} 2. Nf3 {[%clk 1:31:17]} e6
{[%clk 1:30:40]} 3. d4 {[%clk 1:31:40]} cxd4 {[%clk 1:31:08]} 4. Nxd4
{[%clk 1:32:00]} Nc6 {[%clk 1:31:33]} 5. Nc3 {[%clk 1:31:35]} Qc7
{[%clk 1:31:45]} 6. Be3 {[%clk 1:30:11]} a6 {[%clk 1:31:53]} 7. Qf3
{[%clk 1:29:48]} d6 {[%clk 1:32:09]} 8. O-O-O {[%clk 1:26:54]} Bd7
{[%clk 1:32:13]} 9. Qe2 {[%clk 1:20:04]} b5 {[%clk 1:24:14]} 10. Nxc6
{[%clk 1:14:33]} Bxc6 {[%clk 1:23:38]} 11. Bd4 {[%clk 1:09:49]} Qb7
{[%clk 1:15:18]} 12. g3 {[%clk 0:39:17]} b4 {[%clk 1:02:38]} 13. Nd5
{[%clk 0:35:45]} Bb5 {[%clk 0:59:24]} 14. Qg4 {[%clk 0:31:08]} exd5
{[%clk 0:56:05]} 15. Bxb5+ {[%clk 0:23:34]} axb5 {[%clk 0:54:25]} 16. exd5
{[%clk 0:15:35]} Ne7 {[%clk 0:53:15]} 17. Rhe1 {[%clk 0:13:42]} h5
{[%clk 0:46:42]} 18. Qg5 {[%clk 0:07:10]} O-O-O {[%clk 0:40:02]} 19. Kb1
{[%clk 0:01:24]} Ng6 {[%clk 0:30:58]} 20. c4 {[%clk 0:01:01]} bxc4
{[%clk 0:27:54]} 21. Rc1 {[%clk 0:01:02]} c3 {[%clk 0:25:46]} 22. Bxc3
{[%clk 0:01:16]} Be7 {[%clk 0:16:43]} 23. Qf5+ {[%clk 0:00:56]} Kb8
{[%clk 0:16:52]} 24. Re4 {[%clk 0:00:34]} bxc3 {[%clk 0:15:12]} 25. Rxc3
{[%clk 0:01:02]} Bf6 {[%clk 0:15:11]} 26. Rb3 {[%clk 0:01:19]} Qxb3
{[%clk 0:13:38]} 27. axb3 {[%clk 0:01:48]} Ne5 {[%clk 0:13:41]} 28. Rb4+
{[%clk 0:02:00]} Kc7 {[%clk 0:12:19]} 29. Qc2+ {[%clk 0:02:00]} Kd7
{[%clk 0:12:47]} 30. f4 {[%clk 0:01:56]} Rb8 {[%clk 0:07:52]} 31. fxe5
{[%clk 0:01:11]} Rxb4 {[%clk 0:06:44]} 32. Qc6+ {[%clk 0:01:34]} Kd8
{[%clk 0:06:12]} 33. e6 {[%clk 0:00:51]} Rxb3 {[%clk 0:04:53]} 1-0

[Event "eytcc"]
[Site "?"]
[Date "2017.08.18"]
[Round "2.30"]
[White "Whatley, Stephen A J"]
[Black "Macko, Miroslav"]
[Result "0-1"]
[BlackElo "2304"]
[WhiteElo "2172"]
[LiveChessVersion "1.4.4"]

1. d4 {[%clk 1:27:34]} Nf6 {[%clk 1:30:47]} 2. Nf3 {[%clk 1:27:35]} c5
{[%clk 1:30:44]} 3. d5 {[%clk 1:27:40]} b5 {[%clk 1:27:32]} 4. Bg5
{[%clk 1:27:57]} Qb6 {[%clk 1:27:52]} 5. Bxf6 {[%clk 1:26:37]} Qxf6
{[%clk 1:28:14]} 6. c3 {[%clk 1:25:59]} Bb7 {[%clk 1:26:27]} 7. e4
{[%clk 1:25:45]} a6 {[%clk 1:20:45]} 8. a4 {[%clk 1:08:37]} b4 {[%clk 1:13:50]}
9. cxb4 {[%clk 0:50:24]} cxb4 {[%clk 1:07:41]} 10. Qc2 {[%clk 0:41:20]} Qb6
{[%clk 1:01:18]} 11. a5 {[%clk 0:41:43]} Qd8 {[%clk 1:01:06]} 12. Bc4
{[%clk 0:32:30]} e6 {[%clk 0:58:10]} 13. O-O {[%clk 0:31:27]} Be7
{[%clk 0:57:37]} 14. Rd1 {[%clk 0:27:05]} Qc7 {[%clk 0:47:28]} 15. Qb3
{[%clk 0:27:29]} O-O {[%clk 0:45:45]} 16. Nd4 {[%clk 0:27:22]} exd5
{[%clk 0:39:24]} 17. exd5 {[%clk 0:26:57]} Bc5 {[%clk 0:36:19]} 18. d6
{[%clk 0:18:37]} Qd8 {[%clk 0:28:30]} 19. Nf5 {[%clk 0:11:34]} Qg5
{[%clk 0:22:41]} 20. Ne7+ {[%clk 0:06:59]} Kh8 {[%clk 0:23:05]} 21. Bd5
{[%clk 0:07:22]} Nc6 {[%clk 0:20:39]} 22. Nxc6 {[%clk 0:05:13]} Bxc6
{[%clk 0:18:49]} 23. Bxc6 {[%clk 0:04:17]} dxc6 {[%clk 0:19:16]} 24. Nd2
{[%clk 0:03:58]} Bxd6 {[%clk 0:19:17]} 25. Qf3 {[%clk 0:01:52]} Be5
{[%clk 0:15:42]} 26. g3 {[%clk 0:00:52]} Bxb2 {[%clk 0:11:13]} 27. Ne4
{[%clk 0:00:35]} Qe5 {[%clk 0:10:54]} 28. Ra2 {[%clk 0:00:40]} c5
{[%clk 0:10:17]} 29. Nd6 {[%clk 0:00:43]} Qf6 {[%clk 0:09:43]} 30. Nxf7+
{[%clk 0:00:39]} Kg8 {[%clk 0:06:17]} 31. Qd5 {[%clk 0:01:08]} Qxf7
{[%clk 0:05:59]} 32. Rxb2 {[%clk 0:01:36]} Qxd5 {[%clk 0:05:33]} 33. Rxd5
{[%clk 0:02:05]} Rfc8 {[%clk 0:05:52]} 34. Kf1 {[%clk 0:01:41]} Rab8
{[%clk 0:06:15]} 35. Ke1 {[%clk 0:01:41]} Rb5 {[%clk 0:06:09]} 36. Kd1
{[%clk 0:00:56]} Rxa5 {[%clk 0:06:27]} 37. Rd6 {[%clk 0:01:07]} Ra1+
{[%clk 0:06:13]} 38. Kc2 {[%clk 0:01:13]} a5 {[%clk 0:06:31]} 39. Ra6
{[%clk 0:01:23]} a4 {[%clk 0:05:30]} 40. f4 {[%clk 0:30:33]} a3 {[%clk 0:34:56]}
41. Rb3 {[%clk 0:28:54]} Ra2+ {[%clk 0:32:48]} 42. Kb1 {[%clk 0:28:35]} Rxh2
{[%clk 0:33:10]} 43. Re3 {[%clk 0:28:58]} c4 {[%clk 0:32:14]} 44. Ra4
{[%clk 0:23:46]} c3 {[%clk 0:31:43]} 45. Re1 {[%clk 0:21:46]} c2+
{[%clk 0:31:40]} 46. Kc1 {[%clk 0:21:49]} b3 {[%clk 0:32:01]} 0-1